Report of the Commission of Inquiry on communal disturbances, Ranch-Hatia (August 222-29, 1967) (Record no. 489618)

000 -LEADER
fixed length control field 00484cam a22001337a 4500
008 - FIXED-LENGTH DATA ELEMENTS--GENERAL INFORMATION
fixed length control field 180718b1968 xxu||||| |||| 00| 0 eng d
082 ## - DEWEY DECIMAL CLASSIFICATION NUMBER
Classification number Q812x5413 B489
100 ## - MAIN ENTRY--PERSONAL NAME
Personal name Bihar. Commission of Inquiry on Communal disturbances, Ranchi-Hatia
245 ## - TITLE STATEMENT
Title Report of the Commission of Inquiry on communal disturbances, Ranch-Hatia (August 222-29, 1967)
260 ## - PUBLICATION, DISTRIBUTION, ETC.
Place of publication, distribution, etc. Ranchi
Name of publisher, distributor, etc. The author
Date of publication, distribution, etc. 1968
300 ## - PHYSICAL DESCRIPTION
Extent 203+p.
500 ## - GENERAL NOTE
General note Chairman: Raghabar Dayal
700 ## - ADDED ENTRY--PERSONAL NAME
Personal name Dayal, Raghubar (Chairman)
Holdings
Withdrawn status Lost status Damaged status Not for loan Permanent Location Current Location Date acquired Full call number Barcode Date last seen Price effective from Koha item type
        Indian Institute of Public Administration Indian Institute of Public Administration 2018-08-04 Q812x5413 B489 GG9558 2018-08-04 2018-08-04 GG

Powered by Koha